000
00278nam a22001097a 4500
999
_c
165346
_d
165346
082
_a
_b
100
_a
Bharat Bhushan Agarwal
245
_a
Kagaz ke phool/
_c
by Bharat Bhushan Agarwal.
260
_a
New Delhi:
_b
Bharathiya Vidya Prakashan,
_c
1984.
650
_a
942
_c
BK